Language Quiz

Random Language or Quote Quiz

In Plain English: Shakespeare Quiz Stats

 Plays Quiz Updated May 14, 2018

Support Sporcle.
Go Orange.
Score 0/26 Timer 08:00
6 Plays Today
% Correct
She's crazy.
85.6%
If anything important happens, call me.
85%
I don't like your dad.
84.2%
Get to the point.
82.4%
Don't bother trying to tell him what to do.
80%
The sun's coming up.
79.8%
I laughed.
75.3%
Don't make me angry. You wouldn't like me when I'm angry.
72.5%
Go away.
72.2%
Play it cool.
71.4%
He's lying.
69.8%
You're not following me.
68.9%
Seriously?
66.4%
% Correct
He died.
64.8%
Don't interrupt.
62.6%
Basically, it's like this...
62.4%
Marry me.
60.7%
Never gonna happen.
59.6%
Fascinating!
57.6%
It's time to say goodbye.
55.9%
This is hard to say.
55%
I'm not a fan of drinking.
53.5%
No more Mr. Nice Guy.
52.7%
What's new?
51.6%
Don't remind me.
50.6%
Duh!
41.9%

From the Vault

British TV Match

by Flick

Sometimes, you channel surf your way right across the pond.
Remove Ads.
Support Sporcle.
Get the best of Sporcle when you Go Orange. This ad-free experience offers more features, more stats, and more fun while also helping to support Sporcle. Thank you for becoming a member.

Show Comments

Extras

Top Quizzes Today


Score Distribution

Your Account Isn't Verified!

In order to create a playlist on Sporcle, you need to verify the email address you used during registration. Go to your Sporcle Settings to finish the process.

Report this User

Report this user for behavior that violates our Community Guidelines.

Details: